Europe by Native Language - Statistics

General Stats
  • This quiz has been taken 50 times
  • The average score is 9 of 10
Answer Stats
Rank Answer Number % Correct
2 German 95M
100%
5 Italian 60M
100%
6 English 58M
98%
3 French 80M
98%
1 Russian 140M
98%
7 Spanish 43M
98%
10 Dutch 22M
87%
8 Polish 36M
83%
9 Ukrainian 27M
83%
4 Turkish 78M
77%
No matching quizzes found
Score Distribution
Percent of People with Each Score
Percentile by Number Answered
Your Score History
You have not taken this quiz